000 01127nam a2200289Ia 4500
003 OSt
005 20221005105731.0
006 a|||||r|||| 00| 0
007 ta
008 221004b |||||||| |||| 00| 0 hin d
020 _a9788174534477 (hbk)
_cINR 1495.00
024 _a37037
037 _b2415, 14/03/2018, Kiran Book Service
_cTextual
040 _aCRL
_cCRL
_bhin
041 _2hin
_ahin
082 _aO152,6:g, Q6
100 _aअग्रवाल, आरती, ले.
245 0 _aहिंदी निबंध साहित्य का लालित्य-विधान
246 _aHiandī nibandha sāhitya kā lālitya-vidhāna
260 _aनई दिल्ली
_bसंजय प्रकाशन भारत
_c2016
300 _a496पृ0
_ccm.
650 _a हिन्दी आलोचना
650 _a हिन्दी साहित्य
650 _aहिन्दी निबंध
942 _hO152,6:g, Q6
_cTEXL
_2cc
999 _c1016741
_d1016741